000
00267nam a2200109Ia 4500
005
20251222144659.0
008
251222s9999||||xx |||||||||||||| ||spa||
082
_a
261.2/C76/Ej.2
245
0
_a
Los sacerdotes:
264
_b
Comisión Episcopal del Clero
942
_c
LIB
999
_c
17373
_d
17373